Odrobinky III, anebo, Do třetice všeho a dost : almanach 2013 /

Hlavní autor: Bartoň, Josef
Korporativní autor: Literární klub Petra Bezruče
Jazyk: Čeština
Vydáno: Frýdek-Místek : Literární klub Petra Bezruče, [2013]
Témata:
Fyzický popis: 24 s. : il. ; 21 cm
Knihy
Uloženo v:
LEADER 02694nam a2200697 a 4500
001 nkc20132535030
003 CZ PrNK
005 20140203120345.0
007 ta
008 131211s2013 xr a e 000 0dcze
015 |a cnb002535030 
020 |a 978-80-87584-47-7  |q (brož.) 
035 |a (OCoLC)870288752 
040 |a BOA001  |b cze 
043 |a e-xr---  |b e-xr-mr  |b e-xr-mo  |2 czenas 
045 |a x0y0 
072 7 |a 316.7  |x Sociologie kultury. Kulturní život  |2 Konspekt  |9 1 
080 |a 061.2  |2 MRF 
080 |a 316.72/.75-027.22  |2 MRF 
080 |a 398  |2 MRF 
080 |a 37.011  |2 MRF 
080 |a (437.32-18)  |2 MRF 
080 |a (437.326)  |2 MRF 
080 |a (059)  |2 MRF 
080 |a (082.2)  |2 MRF 
100 1 |a Bartoň, Josef  |7 xx0086651  |4 aut  |4 ill 
245 1 0 |a Odrobinky III, anebo, Do třetice všeho a dost :  |b almanach 2013 /  |c Josef Bartoň 
246 1 |i Název na společném přebalu:  |a Almanach 2013 
246 3 |a Almanach 2013 Literárního klubu Petra Bezruče, kolektivního člena Obce spisovatelů 
246 3 |a Literární klub Petra Bezruče - almanach 2013 
246 3 |a Almanach Literárního klubu Petra Bezruče 2013 
246 3 0 |a Do třetice všeho a dost 
260 |a Frýdek-Místek :  |b Literární klub Petra Bezruče,  |c [2013] 
300 |a 24 s. :  |b il. ;  |c 21 cm 
500 |a Uloženo ve společném papírovém přebalu spolu s dalšími 21 sv. 
504 |a Obsahuje bibliografii a bibliografické odkazy 
648 7 |a 1901-2010  |7 ch460590  |2 czenas 
648 4 |a 1908-2008 
650 0 7 |a spolky  |7 ph125936  |z Česko  |y 1901-2010  |2 czenas 
650 0 7 |a kulturní život  |7 ph122030  |z Česko  |2 czenas 
650 0 7 |a folkloristika  |7 ph120273  |z Česko  |2 czenas 
650 0 7 |a osvěta  |7 ph123858  |z Česko  |2 czenas 
650 0 9 |a associations  |z Czechia  |y 1901-2010  |2 eczenas 
650 0 9 |a cultural life  |z Czechia  |2 eczenas 
650 0 9 |a folkloristics  |z Czechia  |2 eczenas 
650 0 9 |a public education  |z Czechia  |2 eczenas 
655 7 |a almanachy  |7 fd131789  |2 czenas 
655 7 |a jubilejní publikace  |7 fd131839  |2 czenas 
655 9 |a almanacs  |2 eczenas 
655 9 |a jubilee books  |2 eczenas 
610 2 7 |a Sedlišťané (umělecká skupina)  |7 mzk2010595643  |2 czenas 
651 7 |a Lašsko (Česko)  |7 ge242351  |2 czenas 
651 7 |a Sedliště (Frýdek-Místek, Česko)  |7 ge258233  |2 czenas 
651 9 |a Lašsko (Czechia)  |2 eczenas 
651 9 |a Sedliště (Frýdek-Místek, Czechia)  |2 eczenas 
710 2 |a Literární klub Petra Bezruče  |7 kn20040912007 
910 2 |a BOA001  |b 2-1316.262 
990 |a BK 
995 |a 01 
991 |b 201401  |c NOV  |e n 
996 6 |b 2610574386  |c 2-1316.262  |l MZK  |r Sklad / do 1 hodiny  |n 0  |p p.v.  |w 001390169  |u 000010  |a 1  |e BOA001  |j MZK50  |s P